000 00241nam a2200109Ia 4500
008 240625s9999 xx 000 0 und d
041 _aeng
082 _a332.63 DOW
100 _aDOWD KEVIN
245 _aMEASURING MARKET RISK
260 _c2004
999 _c34906
_d34906